Regional growth strategies for the rest of Maharashtra (Record no. 108088)

000 -LEADER
fixed length control field 00432pab a2200169 454500
008 - FIXED-LENGTH DATA ELEMENTS--GENERAL INFORMATION
fixed length control field 180718b2014 xxu||||| |||| 00| 0 eng d
100 ## - MAIN ENTRY--PERSONAL NAME
Personal name Apte, Pradeep
245 ## - TITLE STATEMENT
Title Regional growth strategies for the rest of Maharashtra
260 ## - PUBLICATION, DISTRIBUTION, ETC.
Date of publication, distribution, etc. 2014
300 ## - PHYSICAL DESCRIPTION
Extent p.278-293.
362 ## - DATES OF PUBLICATION AND/OR SEQUENTIAL DESIGNATION
Dates of publication and/or sequential designation Jun
650 ## - SUBJECT ADDED ENTRY--TOPICAL TERM
Topical term or geographic name entry element Regional development
700 ## - ADDED ENTRY--PERSONAL NAME
Personal name Dhume, Akshay
700 ## - ADDED ENTRY--PERSONAL NAME
Personal name Bodhke, Naresh R.
773 ## - HOST ITEM ENTRY
Main entry heading Artha Vijnana
909 ## -
-- 108093
Holdings
Withdrawn status Lost status Damaged status Not for loan Permanent Location Current Location Date acquired Serial Enumeration / chronology Barcode Date last seen Price effective from Koha item type
        Indian Institute of Public Administration Indian Institute of Public Administration 2018-07-19 Volume no: 56, Issue no: 2 AR108553 2018-07-19 2018-07-19 Articles

Powered by Koha